| 000 | 00617pab a2200193 454500 | ||
|---|---|---|---|
| 008 | 180718b2010-11 xxu||||| |||| 00| 0 eng d | ||
| 100 | _aDwivedi, Gaurav | ||
| 245 | _aComputerization of decentralized paddy procurement and public distribution system in the state of Chhattisgarh, India | ||
| 260 | _c2010-11 | ||
| 300 | _ap.36-56. | ||
| 650 | _aFood supply - India - Chhattisgarh | ||
| 650 | _aPublic distribution system - India - Chhattisgarh | ||
| 650 | _aPublic distribution system | ||
| 700 | _aSomasekhar, A.K. | ||
| 700 | _aShukla, Alok | ||
| 773 | _aAdministrator | ||
| 908 | _aN | ||
| 909 | _a91420 | ||
| 999 |
_c91420 _d91420 |
||